Issues and methods in comparative politics: (Record no. 3573)
[ view plain ]
| 000 -LEADER | |
|---|---|
| fixed length control field | 00656nam a22002177a 4500 |
| 003 - CONTROL NUMBER IDENTIFIER | |
| control field | OSt |
| 005 - DATE AND TIME OF LATEST TRANSACTION | |
| control field | 20160725182050.0 |
| 008 - FIXED-LENGTH DATA ELEMENTS--GENERAL INFORMATION | |
| fixed length control field | 160725b xxu||||| |||| 00| 0 eng d |
| 020 ## - INTERNATIONAL STANDARD BOOK NUMBER | |
| International Standard Book Number | 978-0-415-41237-7 |
| 040 ## - CATALOGING SOURCE | |
| Transcribing agency | LIC |
| 082 ## - DEWEY DECIMAL CLASSIFICATION NUMBER | |
| Edition number | 2007 |
| Classification number | DC 320.3 |
| Item number | L23 |
| 100 ## - MAIN ENTRY--PERSONAL NAME | |
| 9 (RLIN) | 11902 |
| Personal name | Landman, Todd |
| 245 ## - TITLE STATEMENT | |
| Title | Issues and methods in comparative politics: |
| Remainder of title | an introduction/ |
| Statement of responsibility, etc. | Todd Landman. |
| 250 ## - EDITION STATEMENT | |
| Edition statement | Third Edition |
| 260 ## - PUBLICATION, DISTRIBUTION, ETC. (IMPRINT) | |
| Place of publication, distribution, etc. | London: |
| Name of publisher, distributor, etc. | Routledge, |
| Date of publication, distribution, etc. | c2007. |
| 300 ## - PHYSICAL DESCRIPTION | |
| Extent | xxi, 355 pages; |
| Dimensions | 24 cm. |
| 365 ## - TRADE PRICE | |
| Price amount | 2,545.00 |
| Currency code | Php |
| 500 ## - GENERAL NOTE | |
| General note | Includes glossary, bibliographical references and index. |
| 650 #0 - SUBJECT ADDED ENTRY--TOPICAL TERM | |
| 9 (RLIN) | 11904 |
| Topical term or geographic name as entry element | Comparative politics |
| 942 ## - ADDED ENTRY ELEMENTS (KOHA) | |
| Source of classification or shelving scheme | Dewey Decimal Classification |
| Koha item type | Circulation |
| Withdrawn status | Lost status | Source of classification or shelving scheme | Damaged status | Not for loan | Collection code | Home library | Current library | Date acquired | Source of acquisition | Total Checkouts | Full call number | Barcode | Date last seen | Cost, replacement price | Price effective from | Koha item type |
|---|---|---|---|---|---|---|---|---|---|---|---|---|---|---|---|---|
| Dewey Decimal Classification | Circulation | UM Digos College - LIC | UM Digos College - LIC | 09/24/2010 | Purchased | DC 320.3 L23 2007 | 21120 | 05/15/2025 | 2545.00 | 07/25/2016 | Circulation |
